| 000 | 00615nam a2200193 a 4500 | ||
|---|---|---|---|
| 001 | ASIN0297852655 | ||
| 005 | 20170105102923.0 | ||
| 008 | 131209s2011 xxu eng d | ||
| 020 | _a0297852655 (hardcover) | ||
| 020 | _a9780297852650 (hardcover) | ||
| 040 | _a0 | ||
| 100 | 1 | _aMontefiore, Simon Sebag. | |
| 245 | 1 | 0 |
_aJerusalem, the biography / _cSimon Sebag Montefiore. |
| 250 | _a1St Edition. | ||
| 260 |
_a[S.l.] : _bLondon: Weidenfeld and Nicolso, _c2011. |
||
| 300 |
_a696 p. ; _c24 cm. |
||
| 856 | 4 | 0 |
_3Amazon.com _uhttp://www.amazon.com/exec/obidos/ASIN/0297852655/chopaconline-20 |
| 942 |
_2ddc _cBK |
||
| 999 |
_c15676 _d15676 |
||